Pays par image de stéréotype. - Statistiques

Statistiques générales
  • Ce quiz a été pris 245 fois
  • Le résultat moyen est 14 sur 16
Statistiques - réponses
Par images Réponse % Correct
France
100%
Chine
99%
Italie
98%
Mexique
97%
Etats-Unis
95%
Ecosse
92%
Portugal
92%
Russie
91%
Canada
88%
Allemagne
87%
Espagne
87%
Belgique
86%
Arabie Saoudite
82%
Perou
82%
Japon
64%
Turquie
36%
Aucun quiz correspondant
Distribution des résultats
% des personnes avec chaque résultat
Percentile par nombre de réponses
Votre historique - résultats
Vous n’avez pas pris ce quiz